| 000 | 00567cam a22002051 4500 | ||
|---|---|---|---|
| 001 | med48001165 | ||
| 003 | DLC | ||
| 005 | 20260227111611.0 | ||
| 008 | 810815s1947 xx a 000 0 eng | ||
| 010 | _amed48001165 | ||
| 035 | _a(OCoLC)14747662 | ||
| 040 |
_aDLC _cDNLM _dDLC |
||
| 042 | _apremarc | ||
| 050 | 0 | 0 |
_aRC309.N7 _bB4 |
| 060 | 0 |
_aWF 330 _bB392q 1947 |
|
| 100 | 1 |
_aBecht, Helen M., _d1896- |
|
| 245 | 1 | 0 | _aQueensboro program for the rehabilitation of the tuberculous. |
| 260 |
_aNew York, _bNational Tuberculosis Assn. _c[1947] |
||
| 300 |
_a46 p. _bill. |
||
| 999 |
_c38995 _d38995 |
||